000 00429cam a22001217a 4500
008 180718b-- xxu||||| |||| 00| 0 eng d
082 _aL906x5441 E
245 _aEpitome of CAG's reports, Gujarat
_cby Accountant General (Civil Audit), Gujarat
260 _aRajkot
_bAccountant General (Civil Audit)
_c--
500 _aLibrary has 2009/10
650 _aAuditing - India - Gujarat
700 _aGujarat. Accountant General (Civil Audit)
999 _c494495
_d494495